Irish County Flags - Statistics

General Stats
  • This quiz has been taken 46 times
  • The average score is 16 of 32
Answer Stats
Picture Answer % Correct
Dublin
83%
Antrim
77%
Cork
77%
Armagh
71%
Galway
71%
Carlow
60%
Donegal
60%
Down
60%
Wexford
60%
Derry
57%
Clare
54%
Kilkenny
51%
Mayo
51%
Offaly
51%
Kildare
49%
Tyrone
49%
Cavan
46%
Meath
46%
Fermanagh
43%
Kerry
43%
Waterford
43%
Sligo
40%
Westmeath
40%
Wicklow
40%
Laois
37%
Limerick
37%
Monaghan
37%
Roscommon
37%
Longford
31%
Leitrim
29%
Louth
29%
Tipperary
26%
No matching quizzes found
Score Distribution
Percent of People with Each Score
Percentile by Number Answered
Your Score History
You have not taken this quiz